000 00666nam a2200229Ia 4500
003 GCL
008 140319s9999 xx 000 0 ara d
040 _aGCL /
_cGCL
082 0 4 _a368.853
_bس ت
100 1 _aسامى عفيفى حاتم
245 1 0 _aالتامين الدولى /
_cسامى عفيفى حاتم
260 _a[S.N] :
_bالدار المصرية اللبنانية ،
_c1988
300 _a445 ص
490 _a
650 0 4 _aالاستثمار
650 0 4 _aالاجتماع
650 0 4 _aالتأمين
650 0 4 _aالخطر
650 0 4 _aالاستثمار الاجنبى
650 0 4 _aالنقل الدولى
942 _2ddc
_cBK
999 _c29862
_d29862